Z bajkar´skoj kuchni

Bibliographic Details
Main Author: Kseňák, Mikuláš, 1933-2020 (Author)
Format: Article
Language:Ukrainian
Subjects:

MARC

LEADER 00000nab a2200000 a 4500
001 vtls008841920
003 SK-MaSNL
005 20260309145946.0
008 060824c2006 xo jr p 000 c0ukr
015 |a SNBRB2006/04 
038 |a SVKPOCL 
040 |a SVKPOCL  |b slo  |c AACR2  |e AACR2 
041 0 |a ukr 
044 |a xo  |c SK 
080 |a 821.161 (437.6)-342=161  |2 2001 
100 1 |a Kseňák, Mikuláš,  |d 1933-2020  |4 aut  |9 203679 
245 1 0 |a Z bajkar´skoj kuchni  |c Nykolaj Ksenjak 
500 |a Blok obsahuje 7 bájok 
650 0 7 |a autorské bájky, rusínske  |2 svkpocl  |9 1068329 
655 7 |a texty  |2 svkpocl  |9 70511 
740 0 2 |a Funkcija 
740 0 2 |a Rusyn? 
740 0 2 |a Kocka cukrju i voda 
740 0 2 |a Sut´ jednaky 
740 0 2 |a Rjaba 
740 0 2 |a Pamjat´ i rozum 
740 0 2 |a Bezssmertnyj 
773 0 |t Narodny novynky  |g Roč. XVI, č. 1-5 (2006), s. 4 
852 |a SVKPO  |b KIS3GCP 
856 4 1 |a http://narodny-novynky.presov.sk 
958 |a RN 
958 |a LX 
958 |a SK 
999 |c 3366639  |d 3368569